000 00714nab a2200229u 4500
001 08930
003 HDC
007 c| |||a|c|aaaa
008 210131b20151026my ||||| |||| 00| 0 may d
040 _aHDC
245 0 _aGloria Jean's Coffees unjur jualan RM30j
336 _atext
_2rdacontent
337 _acomputer
_2rdamedia
338 _aonline resource
_2rdacarrier
650 _aGloria Jean's Coffees
_99351
650 _aMyFranchise
_99352
710 _aBerita Harian
856 _zRequest full-text at [email protected]
942 _2lcc
942 _cNEWS
942 _kNWSC 001541
999 _c6253
_d6253